000 00612nam a2200253Ia 4500
003 LK-CoDNM
005 20230923115718.0
008 010623t1927 xxu||||| |||| 00| 1 eng d
040 _aLK-CoDNM
_dLK-CoDNM
_eLK-CoDNM
041 _aeng
_aHindi
080 _a12 EE4
100 _aMaharaj,Ratnachandraji.
245 3 _aAn Illustrated Ardha Magadhi Dictionary
260 _bSardarmal Bhandari
_c1927
300 _b?p., 23 cm
650 _aEnglish
650 _aGujrati
650 _aHindi
650 _aLiterature
650 _aPhilosophy
650 _aSanskrit
650 _aScientific
942 _cBK
999 _c93737
_d93737